[Event "GER-chA U25"]
[Site "Oberhof"]
[Date "2011.06.13"]
[Round "3"]
[White "Papusha, Maxim"]
[Black "Holle, Eric"]
[Result "1-0"]
[WhiteElo "1745"]
[BlackElo "1685"]
[PlyCount "95"]
[EventDate "2011.06.11"]
[EventType "swiss"]
[EventRounds "9"]
[EventCountry "GER"]
[SourceTitle "CBM 142 Extra"]
[Source "ChessBase"]
[SourceDate "2011.06.27"]
[SourceVersion "1"]
[SourceVersionDate "2011.06.27"]
[SourceQuality "1"]

1. e4 e6 2. d4 d5 3. Nc3 Nf6 4. e5 Nfd7 5. f4 c5 6. Nf3 Nc6 7. Be3 cxd4 8. Nxd4 Bc5 9. Qd2 0-0 10. 0-0-0 a6 11. Qf2 Na5 12. Bd3 Nc4 13. Kb1 Qb6 14. Na4 Qb4 15. Bxc4 dxc4 16. Nc3 Nb6 17. Ne4 Be7 18. c3 Qa4 19. Nxe6 Bxe6 20. Bxb6 Bf5 21. Rhe1 Qc6 22. Qd4 h6 23. Ka1 Rad8 24. Bxd8 Rxd8 25. Nd6 Bd3 26. Qf2 Bxd6 27. exd6 Qxd6 28. Re5 Rd7 29. b3 cxb3 30. axb3 Qc6 31. Kb2 Bb5 32. Re8+ Kh7 33. Qc2+ g6 34. Rxd7 Qxd7 35. Re4 Bc6 36. Rd4 Qe6 37. g3 Qe3 38. Qd2 Qe7 39. Qf2 Bd7 40. Rd5 Bf5 41. Re5 Qc7 42. Qd4 Be6 43. h4 h5 44. Rc5 Qb8 45. c4 Bg4 46. Qe5 Qd8 47. Rd5 Qb6 48. Qd4 1-0

[Event "GER-ch U25"]
[Site "Oberhof"]
[Date "2010.05.25"]
[Round "4"]
[White "Holle, Eric"]
[Black "Velina, Valeria"]
[Result "1/2-1/2"]
[WhiteElo "1694"]
[BlackElo "1776"]
[PlyCount "68"]
[EventDate "2010.05.22"]
[EventType "swiss"]
[EventRounds "9"]
[EventCountry "GER"]
[SourceTitle "CBM 136 Extra"]
[Source "ChessBase"]
[SourceDate "2010.07.02"]
[SourceVersion "2"]
[SourceVersionDate "2010.07.15"]
[SourceQuality "1"]

1. e4 d5 2. exd5 Qxd5 3. Nc3 Qd6 4. d4 Nf6 5. Nf3 c6 6. g3 Bg4 7. Bg2 e6 8. h3 Bh5 9. g4 Bg6 10. Ne5 Nbd7 11. Qe2 Qxd4 12. Nxg6 hxg6 13. 0-0 Qd6 14. Qf3 Ne5 15. Qg3 Qc7 16. Bf4 Bd6 17. Rad1 Nf3+ 18. Qxf3 Bxf4 19. Rd3 Ke7 20. Rfd1 Rad8 21. Ne4 Nd5 22. c4 Nb4 23. Rxd8 Rxd8 24. Rxd8 Kxd8 25. Qa3 a5 26. Qc3 Nxa2 27. Qxg7 Qe7 28. c5 Nb4 29. Qh8+ Kc7 30. Qa8 Na6 31. Bf3 Qd8 32. Qa7 Qb8 33. Qb6+ Kd7 34. Qxa5 Qc7 1/2-1/2

[Event "GER-ch U25"]
[Site "Oberhof"]
[Date "2010.05.24"]
[Round "3"]
[White "Wachinger, David"]
[Black "Holle, Eric"]
[Result "1/2-1/2"]
[WhiteElo "1500"]
[BlackElo "1694"]
[PlyCount "147"]
[EventDate "2010.05.22"]
[EventType "swiss"]
[EventRounds "9"]
[EventCountry "GER"]
[SourceTitle "CBM 136 Extra"]
[Source "ChessBase"]
[SourceDate "2010.07.02"]
[SourceVersion "2"]
[SourceVersionDate "2010.07.15"]
[SourceQuality "1"]

1. d4 e6 2. Nf3 Nf6 3. e3 c5 4. Be2 d5 5. 0-0 Nc6 6. a3 Bd6 7. dxc5 Bxc5 8. b4 Bd6 9. Bb2 a6 10. c4 0-0 11. Nbd2 Rb8 12. Qb3 Kh8 13. Rac1 Ne7 14. Rfd1 b5 15. c5 Bc7 16. Ne5 Nd7 17. Ndf3 f6 18. Nxd7 Bxd7 19. Qc2 e5 20. Rd2 Bf5 21. Qb3 Qe8 22. Nh4 Be6 23. Qc2 Rd8 24. Rcd1 e4 25. g3 Nc6 26. Ng2 Qf7 27. Qb1 Rd7 28. Bc3 Kg8 29. Bb2 g5 30. f3 f5 31. Rf1 Qe8 32. Rdd1 Ne5 33. fxe4 fxe4 34. Rxf8+ Qxf8 35. Rf1 Nf3+ 36. Bxf3 exf3 37. Ne1 g4 38. Qd1 Kf7 39. Nxf3 Qh6 40. Ne5+ Ke7 41. Nxd7 Qxe3+ 42. Rf2 Kxd7 43. Qd2 Qb3 44. Qc2 Qxc2 45. Rxc2 Bf5 46. Rf2 Ke6 47. Kf1 Bb8 48. Ke1 Bc7 49. Kd2 Bd8 50. Re2+ Be4 51. Bd4 Bg5+ 52. Kc3 Kd7 53. Re1 Kc6 54. Ra1 Kb7 55. a4 Bd8 56. axb5 axb5 57. c6+ Kxc6 58. Ra6+ Kb7 59. Ra7+ Kc6 60. Rg7 Bg6 61. Rg8 Bc7 62. Be3 Be5+ 63. Bd4 Bc7 64. Rf8 Kd7 65. Bc5 Be5+ 66. Bd4 Bc7 67. Ra8 Kc6 68. Ra6+ Kb7 69. Re6 Bf5 70. Re7 Kc6 71. Be5 Bd8 72. Rf7 Be4 73. Rf8 Bb6 74. Rb8 1/2-1/2

[Event "GER-ch U25"]
[Site "Oberhof"]
[Date "2010.05.23"]
[Round "1"]
[White "Figura, Atila Gajo"]
[Black "Holle, Eric"]
[Result "1-0"]
[WhiteElo "2418"]
[BlackElo "1694"]
[PlyCount "53"]
[EventDate "2010.05.22"]
[EventType "swiss"]
[EventRounds "9"]
[EventCountry "GER"]
[SourceTitle "CBM 136 Extra"]
[Source "ChessBase"]
[SourceDate "2010.07.02"]
[SourceVersion "2"]
[SourceVersionDate "2010.07.15"]
[SourceQuality "1"]

1. Nf3 e6 2. g3 Nf6 3. Bg2 d5 4. 0-0 c5 5. d4 Nc6 6. c4 dxc4 7. dxc5 Qxd1 8. Rxd1 Bxc5 9. Nbd2 c3 10. bxc3 Bd7 11. Nb3 Bb6 12. Nfd4 0-0 13. Nb5 Ne5 14. Nd6 Bc6 15. Bxc6 bxc6 16. c4 Rfd8 17. c5 Bc7 18. Bf4 Ng6 19. Bg5 Rd7 20. Bxf6 gxf6 21. Ne4 Rxd1+ 22. Rxd1 f5 23. Rd7 Rc8 24. Nf6+ Kf8 25. Nxh7+ Kg7 26. Ng5 Ne5 27. Nxe6+ 1-0

[Event "Saarland-ch A 85th"]
[Site "Homburg"]
[Date "2010.04.02"]
[Round "8"]
[White "Holle, Eric"]
[Black "Schreck, Alexander"]
[Result "0-1"]
[WhiteElo "1703"]
[BlackElo "1840"]
[PlyCount "34"]
[EventDate "2010.03.28"]
[EventType "swiss"]
[EventRounds "9"]
[EventCountry "GER"]
[SourceTitle "EXT 2011"]
[Source "ChessBase"]
[SourceDate "2010.11.26"]
[SourceVersion "1"]
[SourceVersionDate "2010.11.26"]
[SourceQuality "1"]

1. e4 d6 2. d4 Nf6 3. Nc3 g6 4. f4 Bg7 5. Nf3 c5 6. Bc4 0-0 7. 0-0 cxd4 8. Nxd4 Qb6 9. e5 dxe5 10. fxe5 Ng4 11. Kh1 Bxe5 12. Nce2 Nxh2 13. Bh6 Nxf1 14. Qxf1 Bg7 15. Be3 Qc5 16. Bb3 Bg4 17. Ne6 Qh5+ 0-1

[Event "Saarland-ch A 85th"]
[Site "Homburg"]
[Date "2010.03.28"]
[Round "3"]
[White "Buech, Christoph"]
[Black "Holle, Eric"]
[Result "1/2-1/2"]
[WhiteElo "1702"]
[BlackElo "1703"]
[PlyCount "42"]
[EventDate "2010.03.28"]
[EventType "swiss"]
[EventRounds "9"]
[EventCountry "GER"]
[SourceTitle "EXT 2011"]
[Source "ChessBase"]
[SourceDate "2010.11.26"]
[SourceVersion "1"]
[SourceVersionDate "2010.11.26"]
[SourceQuality "1"]

1. Nf3 e6 2. d4 Nf6 3. b3 c5 4. e3 Nc6 5. Bb2 cxd4 6. exd4 Bb4+ 7. c3 Be7 8. Be2 d5 9. Nbd2 Bd7 10. 0-0 0-0 11. Ne5 Bd6 12. c4 Ne4 13. Nxe4 dxe4 14. Nxd7 Qxd7 15. d5 exd5 16. Qxd5 Qc7 17. g3 Rfe8 18. Rad1 Rad8 19. Qg5 Be5 20. Rxd8 Rxd8 21. Bxe5 Qxe5 1/2-1/2

[Event "GER-chT U14"]
[Site "Arendsee"]
[Date "2009.12.28"]
[Round "3.3"]
[White "Schneider, Jannes"]
[Black "Holle, Eric"]
[Result "1-0"]
[WhiteElo "1524"]
[BlackElo "1630"]
[PlyCount "71"]
[EventDate "2009.12.27"]
[EventType "team-swiss"]
[EventRounds "7"]
[EventCountry "GER"]
[SourceTitle "EXT 2022"]
[Source "ChessBase"]
[SourceDate "2021.10.06"]
[SourceVersion "1"]
[SourceVersionDate "2021.10.06"]
[SourceQuality "1"]
[WhiteTeam "Erfurt Empor U14"]
[BlackTeam "Heusweiler SC Reti U14"]
[WhiteTeamCountry "GER"]
[BlackTeamCountry "GER"]

1. d4 d5 2. c4 e6 3. Nc3 c6 4. c5 b6 5. cxb6 axb6 6. Nf3 Ba6 7. g3 c5 8. Bg2 Nc6 9. 0-0 Nge7 10. Re1 g6 11. Bg5 h6 12. Bf6 Rh7 13. e4 Qd7 14. dxc5 Ng8 15. exd5 Nb4 16. Ne5 Qc8 17. d6 Nxf6 18. d7+ Nxd7 19. Nxd7 Qxd7 20. Qxd7+ Kxd7 21. Bxa8 Bxc5 22. Ne4 Be7 23. Red1+ Kc7 24. Nc3 Bc5 25. a3 Nd3 26. Rd2 Ne5 27. Rad1 Rh8 28. Bg2 Bc8 29. Nb5+ Kb8 30. b4 Be7 31. Rc2 Ba6 32. Nd4 Rd8 33. f4 Bd3 34. Rxd3 Nxd3 35. Nc6+ Kb7 36. Nxd8+ 1-0

[Event "GER-chT U14"]
[Site "Arendsee"]
[Date "2009.12.27"]
[Round "1.3"]
[White "Essig, Philipp"]
[Black "Holle, Eric"]
[Result "1/2-1/2"]
[WhiteElo "1049"]
[BlackElo "1630"]
[PlyCount "88"]
[EventDate "2009.12.27"]
[EventType "team-swiss"]
[EventRounds "7"]
[EventCountry "GER"]
[SourceTitle "EXT 2022"]
[Source "ChessBase"]
[SourceDate "2021.10.06"]
[SourceVersion "1"]
[SourceVersionDate "2021.10.06"]
[SourceQuality "1"]
[WhiteTeam "Eppingen U14"]
[BlackTeam "Heusweiler SC Reti U14"]
[WhiteTeamCountry "GER"]
[BlackTeamCountry "GER"]

1. e4 e6 2. d4 d5 3. e5 c5 4. c3 Nc6 5. Nf3 Qb6 6. a3 c4 7. g3 f6 8. Ra2 Qc7 9. Bf4 fxe5 10. Nxe5 Nxe5 11. Qh5+ Qf7 12. Qxe5 Ne7 13. Qc7 g5 14. Bd6 Qf3 15. Rg1 Qe4+ 16. Kd2 Qxb1 17. Be5 Qxa2 18. Kc1 Bh6 19. Bf6 g4+ 20. Kc2 Qb3+ 21. Kb1 Bd7 22. Be2 Rc8 23. Qd6 Nf5 24. Qe5 Rf8 25. Bxg4 Ne7 26. Qd6 Rxf6 27. f4 Rc6 28. Qe5 Rf8 29. Re1 Qb6 30. Qh5+ Ng6 31. Qxh6 Kd8 32. Bh5 Rf6 33. Qg5 Ke7 34. f5 Kf7 35. Qh6 Ke7 36. Qg5 h6 37. Qxh6 Rxf5 38. Qh7+ Rf7 39. Qxg6 Rf2 40. Qg5+ Kd6 41. Qe5+ Ke7 42. Qg5+ Kf8 43. Qh6+ Ke7 44. Qg5+ Kd6 1/2-1/2

[Event "GER-ch U25 op"]
[Site "Willingen"]
[Date "2009.06.04"]
[Round "7"]
[White "Holle, Eric"]
[Black "Sailer, Fabian"]
[Result "1-0"]
[WhiteElo "1735"]
[BlackElo "1380"]
[PlyCount "39"]
[EventDate "2009.05.30"]
[EventType "swiss"]
[EventRounds "9"]
[EventCountry "GER"]
[SourceTitle "EXT 2010"]
[Source "ChessBase"]
[SourceDate "2010.11.25"]
[SourceVersion "1"]
[SourceVersionDate "2010.11.25"]
[SourceQuality "1"]

1. e4 e5 2. Nc3 Bc5 3. f4 Nc6 4. fxe5 d6 5. exd6 Qxd6 6. Nf3 Nd4 7. Nxd4 Qxd4 8. Qf3 c6 9. Ne2 Qe5 10. c3 Nf6 11. d4 Qxe4 12. Qxe4+ Nxe4 13. dxc5 Nxc5 14. Nd4 0-0 15. Be2 Re8 16. 0-0 Ne4 17. Bc4 Nd6 18. Bb3 c5 19. Bf4 Ne4 20. Nb5 1-0

[Event "Saarland-ch B"]
[Site "Schiffweiler"]
[Date "2009.04.08"]
[Round "6"]
[White "Pecka, Sebastian"]
[Black "Holle, Eric"]
[Result "0-1"]
[WhiteElo "1535"]
[BlackElo "1765"]
[PlyCount "50"]
[EventDate "2009.04.03"]
[EventType "swiss"]
[EventRounds "9"]
[EventCountry "GER"]
[SourceTitle "EXT 2012"]
[Source "ChessBase"]
[SourceDate "2011.11.24"]
[SourceVersion "1"]
[SourceVersionDate "2011.11.24"]
[SourceQuality "1"]

1. e4 e6 2. d4 d5 3. e5 c5 4. c3 Nc6 5. Nf3 Qb6 6. b3 cxd4 7. cxd4 Bb4+ 8. Bd2 Nxd4 9. Be2 Bd7 10. 0-0 Nxe2+ 11. Qxe2 Bb5 12. Qe1 Bxd2 13. Nbxd2 Bxf1 14. Nxf1 Ne7 15. Rc1 0-0 16. Qd2 Rac8 17. Rxc8 Rxc8 18. Qg5 Nf5 19. Qh5 Qa6 20. Ng5 Nh6 21. Nf3 Qxa2 22. N3d2 Nf5 23. Qg5 h6 24. Qg4 Rc1 25. Qb4 a5 0-1

[Event "GER-chT U14"]
[Site "Verden"]
[Date "2008.12.29"]
[Round "6.2"]
[White "Holle, Eric"]
[Black "Schwind, Janek"]
[Result "0-1"]
[WhiteElo "1515"]
[BlackElo "1723"]
[PlyCount "44"]
[EventDate "2008.12.27"]
[EventType "team-swiss"]
[EventRounds "7"]
[EventCountry "GER"]
[SourceTitle "EXT 2010"]
[Source "ChessBase"]
[SourceDate "2010.11.25"]
[SourceVersion "1"]
[SourceVersionDate "2010.11.25"]
[SourceQuality "1"]
[WhiteTeam "Stade"]
[BlackTeam "Mainaschaff"]
[WhiteTeamCountry "GER"]
[BlackTeamCountry "GER"]

1. e4 d5 2. exd5 Qxd5 3. Nc3 Qa5 4. d4 c6 5. Bc4 Nf6 6. Bd2 Bf5 7. Nf3 e6 8. Qe2 Bb4 9. a3 Nbd7 10. 0-0-0 Bxc3 11. Bxc3 Qc7 12. Nh4 Qf4+ 13. Bd2 Qxh4 14. f3 Nd5 15. g3 Qd8 16. h4 h6 17. g4 Bh7 18. g5 h5 19. Rhg1 Bg6 20. Rdf1 Qc7 21. Bxd5 cxd5 22. f4 Qxc2# 0-1

[Event "GER-chT U14"]
[Site "Verden"]
[Date "2008.12.29"]
[Round "5.2"]
[White "Oberpriller, Johannes"]
[Black "Holle, Eric"]
[Result "1-0"]
[WhiteElo "1574"]
[BlackElo "1515"]
[PlyCount "24"]
[EventDate "2008.12.27"]
[EventType "team-swiss"]
[EventRounds "7"]
[EventCountry "GER"]
[SourceTitle "EXT 2010"]
[Source "ChessBase"]
[SourceDate "2010.11.25"]
[SourceVersion "1"]
[SourceVersionDate "2010.11.25"]
[SourceQuality "1"]
[WhiteTeam "Ergolding"]
[BlackTeam "Stade"]
[WhiteTeamCountry "GER"]
[BlackTeamCountry "GER"]

1. d4 Nf6 2. Nf3 e6 3. c4 c5 4. d5 exd5 5. cxd5 d6 6. Nc3 g6 7. e4 Nbd7 8. Bd3 Bg7 9. 0-0 0-0 10. Bf4 Qc7 11. Nb5 Qc6 12. dxc6 Re8 1-0

[Event "GER-chT U14"]
[Site "Verden"]
[Date "2008.12.27"]
[Round "2.2"]
[White "Boehme, Lasse"]
[Black "Holle, Eric"]
[Result "1/2-1/2"]
[WhiteElo "1512"]
[BlackElo "1515"]
[PlyCount "78"]
[EventDate "2008.12.27"]
[EventType "team-swiss"]
[EventRounds "7"]
[EventCountry "GER"]
[SourceTitle "EXT 2010"]
[Source "ChessBase"]
[SourceDate "2010.11.25"]
[SourceVersion "1"]
[SourceVersionDate "2010.11.25"]
[SourceQuality "1"]
[WhiteTeam "Marmstorf"]
[BlackTeam "Stade"]
[WhiteTeamCountry "GER"]
[BlackTeamCountry "GER"]

1. d4 Nf6 2. c4 e5 3. dxe5 Ng4 4. Nf3 Bc5 5. e3 Nc6 6. Be2 Ncxe5 7. Nxe5 Nxe5 8. 0-0 0-0 9. Bd2 d6 10. Qc2 Qf6 11. b4 Bb6 12. Na3 c6 13. c5 dxc5 14. bxc5 Bc7 15. Bc3 Qh6 16. f4 Ng4 17. Bxg4 Bxg4 18. h3 Be6 19. Bd4 f5 20. Nc4 Bd5 21. Ne5 b5 22. Nf3 a5 23. Be5 Bxe5 24. Nxe5 b4 25. Nd7 Rfe8 26. Nb6 Rad8 27. Qxf5 Rxe3 28. Nxd5 cxd5 29. Rae1 Rxe1 30. Rxe1 Qc6 31. Qe6+ Qxe6 32. Rxe6 Rc8 33. c6 Kf7 34. Rd6 a4 35. Kf2 b3 36. axb3 axb3 37. Rd7+ Kf6 38. Rd6+ Kf7 39. Rd7+ Kf6 1/2-1/2

[Event "GER-ch U25 op"]
[Site "Willingen"]
[Date "2008.05.16"]
[Round "8"]
[White "Biebinger, Eva"]
[Black "Holle, Eric"]
[Result "1-0"]
[WhiteElo "1429"]
[BlackElo "1400"]
[PlyCount "93"]
[EventDate "2008.05.11"]
[EventType "swiss"]
[EventRounds "9"]
[EventCountry "GER"]
[SourceTitle "CBM 124 Extra"]
[Source "ChessBase"]
[SourceDate "2008.07.03"]
[SourceVersion "1"]
[SourceVersionDate "2008.07.03"]
[SourceQuality "1"]

1. c4 Nf6 2. Nc3 d5 3. cxd5 Nxd5 4. g3 c5 5. Bg2 Nc7 6. e3 e5 7. Nge2 Be7 8. b3 Be6 9. Bxb7 Nd7 10. Bxa8 Qxa8 11. e4 f5 12. d3 Nf6 13. Qc2 0-0 14. Bg5 h6 15. Bxf6 Bxf6 16. Rc1 Bg5 17. Rb1 Na6 18. a3 Qb7 19. h4 Be7 20. 0-0 f4 21. Kh2 f3 22. Ng1 Bxh4 23. Qd1 Qf7 24. Qxf3 Qxf3 25. Nxf3 Rxf3 26. gxh4 Rh3+ 27. Kg1 Bg4 28. f4 Rxd3 29. Nb5 Rg3+ 30. Kh2 Re3 31. Nxa7 Rxe4 32. fxe5 Rxe5 33. Rf4 Bf5 34. Rb2 Bd7 35. Rd2 Re7 36. Rd6 Nc7 37. b4 Ne6 38. Rf2 cxb4 39. axb4 g5 40. hxg5 Nxg5 41. Rxh6 Nh3 42. Rg2+ Kf7 43. Rh7+ Kf6 44. Rxe7 Kxe7 45. Rg7+ Ke6 46. Kxh3 Kf6+ 47. Rxd7 1-0

[Event "GER-ch U25 op"]
[Site "Willingen"]
[Date "2008.05.13"]
[Round "5"]
[White "Holle, Eric"]
[Black "Bauer, Hermann"]
[Result "0-1"]
[WhiteElo "1400"]
[BlackElo "1549"]
[PlyCount "49"]
[EventDate "2008.05.11"]
[EventType "swiss"]
[EventRounds "9"]
[EventCountry "GER"]
[SourceTitle "CBM 124 Extra"]
[Source "ChessBase"]
[SourceDate "2008.07.03"]
[SourceVersion "1"]
[SourceVersionDate "2008.07.03"]
[SourceQuality "1"]

1. e4 c5 2. Nf3 Nc6 3. d4 cxd4 4. Nxd4 Nf6 5. Nc3 e5 6. Nb3 Bb4 7. Bg5 h6 8. Bxf6 Bxc3+ 9. bxc3 Qxf6 10. Bc4 d6 11. Bd5 Bd7 12. 0-0 Rc8 13. Rb1 b6 14. Qd2 Ne7 15. c4 Nxd5 16. cxd5 0-0 17. f4 Rc4 18. Qd3 Rfc8 19. Rf2 exf4 20. Rbf1 Qe5 21. Rxf4 f6 22. R1f2 Rxc2 23. Rxc2 Rxc2 24. Qxc2 Qxf4 25. Qc7 0-1

[Event "GER-chT U12"]
[Site "Verden an der Aller"]
[Date "2007.12.29"]
[Round "6.2"]
[White "Holle, Eric"]
[Black "Weber, Clemens"]
[Result "1-0"]
[WhiteElo "1340"]
[BlackElo "1326"]
[PlyCount "49"]
[EventDate "2007.12.27"]
[EventType "team-swiss"]
[EventRounds "7"]
[EventCountry "GER"]
[SourceTitle "EXT 2009"]
[Source "ChessBase"]
[SourceDate "2008.11.26"]
[SourceVersion "1"]
[SourceVersionDate "2008.11.26"]
[SourceQuality "1"]
[WhiteTeam "Heusweiler SC Reti U12"]
[BlackTeam "Ettlingen U12"]
[WhiteTeamCountry "GER"]
[BlackTeamCountry "GER"]

1. e4 e5 2. Nc3 Nf6 3. f4 d6 4. Nf3 Nbd7 5. Bc4 Be7 6. d3 0-0 7. f5 c6 8. Be3 Nb6 9. Bb3 Qc7 10. Qd2 Rd8 11. Qf2 d5 12. Bxb6 axb6 13. 0-0-0 d4 14. Ne2 c5 15. Qh4 Bd7 16. a3 h6 17. g4 Nd5 18. Qh5 Rf8 19. Bxd5 b5 20. g5 hxg5 21. Nxg5 Bxg5+ 22. Qxg5 Kh8 23. Rhg1 g6 24. Qh6+ Kg8 25. f6 1-0

[Event "GER-chT U12"]
[Site "Verden an der Aller"]
[Date "2006.12.29"]
[Round "6.2"]
[White "Holle, Eric"]
[Black "Altgelt, Max"]
[Result "0-1"]
[WhiteElo "1016"]
[BlackElo "1245"]
[PlyCount "64"]
[EventDate "2006.12.27"]
[EventType "team-swiss"]
[EventRounds "7"]
[EventCountry "GER"]
[SourceTitle "EXT 2008"]
[Source "ChessBase"]
[SourceDate "2007.11.25"]
[SourceVersion "1"]
[SourceVersionDate "2007.11.25"]
[SourceQuality "1"]
[WhiteTeam "Heusweiler SC Reti U12"]
[BlackTeam "Muenster 32 U12"]
[WhiteTeamCountry "GER"]
[BlackTeamCountry "GER"]

1. e4 c5 2. Nf3 Nc6 3. d4 cxd4 4. Nxd4 Nf6 5. Nc3 g6 6. Be3 Bg7 7. f3 d6 8. Bc4 Bd7 9. Qd2 Qc7 10. 0-0-0 a6 11. g4 b5 12. Bb3 Qb7 13. g5 Nh5 14. Nde2 b4 15. Nd5 a5 16. Nb6 Ra6 17. Nxd7 Qxd7 18. Qd5 0-0 19. Ba4 Rc8 20. Bb5 Raa8 21. Nd4 Bxd4 22. Bxd4 Qc7 23. Be3 Ne5 24. Kb1 Qxc2+ 25. Ka1 Qc7 26. f4 Ng4 27. Qd3 Qc2 28. a3 Qxd3 29. Rxd3 Nxe3 30. Rxe3 Nxf4 31. Rf3 Ne6 32. h4 Nd4 0-1